000 00306nam a2200133Ia 4500
005 20251218183117.0
008 251218s1900 xx 000 0 spa d
082 _aSIC.74
100 _aCorporación técnica
245 0 _a Aprendiendo módulo II fasciculo 3
250 _a245
_a
264 _bGTZ
942 _cLIB
999 _c29
_d29